| 000 | 00801nam a2200229 a 4500 | ||
|---|---|---|---|
| 001 | 51891 | ||
| 003 | BD-RjUL | ||
| 005 | 20211209075727.0 | ||
| 008 | 160904s1960 us a b 001 0 eng d | ||
| 035 | _a(BD-RjUL)52011 | ||
| 040 |
_aBD-RjUL _beng _cBD-RjUL _dBD-RjUL |
||
| 041 | _aeng | ||
| 082 |
_223 _a519.5 _bSTP 1960 |
||
| 100 | 1 |
_aSteel, Robert G. D. _q(Robert George Douglas), _d1917- _9155203 |
|
| 245 | 1 | 0 |
_aPrinciples and procedures of statistics : _bwith special reference to the biological sciences / _cby Robert G. D. Steel and James H. Torrie |
| 260 |
_aLondon : _bMcGraw-Hill, _c1960 |
||
| 300 |
_axvi, 481 p. : _bill. ; _c24 cm |
||
| 500 | _aIncludes index | ||
| 650 | 0 |
_aMathematical statistics _9155204 |
|
| 700 | 1 |
_aTorrie, James H. _q(James Hiram), _d1908-1976 _9155205 |
|
| 942 |
_2ddc _cBK |
||
| 999 |
_c51891 _d51891 |
||